| 000 | 00503nam a2200169 i 4500 | ||
|---|---|---|---|
| 001 | 57854 | ||
| 003 | ES-MaACL | ||
| 005 | 20230906163650.0 | ||
| 007 | t| | ||
| 008 | 031020s1973 sp ||||1| spa d | ||
| 100 | 1 |
_aDubowitz, Victor. _945789 |
|
| 245 | 1 | 3 |
_aEl niño hipotónico / _cV. Dubowitz ; [versión J.L. Marti Vilalta]. |
| 260 |
_aBarcelona : _bJims, _c[1973] |
||
| 300 |
_aXI, 127 p. : _bil. ; _c25 cm. |
||
| 700 | 1 |
_aMarti-Vilalta, José Luis. _977242 |
|
| 852 |
_aES-MaACL _jC-53797 _bR.86946 |
||
| 999 |
_c57854 _d57854 |
||